The booklover's library : (Record no. 400351)
[ view plain ]
| 000 -LEADER | |
|---|---|
| fixed length control field | 01431nam a2200409 i 4500 |
| 001 - CONTROL NUMBER | |
| control field | 3456719 |
| 005 - DATE AND TIME OF LATEST TRANSACTION | |
| control field | 20240917170543.0 |
| 008 - FIXED-LENGTH DATA ELEMENTS--GENERAL INFORMATION | |
| fixed length control field | 240826s2024 onc 000 1 eng d |
| 020 ## - INTERNATIONAL STANDARD BOOK NUMBER | |
| International Standard Book Number | 9781335015136 : |
| Terms of availability | $30.00 |
| 020 ## - INTERNATIONAL STANDARD BOOK NUMBER | |
| International Standard Book Number | 1335015132 : |
| Terms of availability | $30.00 |
| 035 ## - SYSTEM CONTROL NUMBER | |
| System control number | (OCoLC)1429284800 |
| 035 ## - SYSTEM CONTROL NUMBER | |
| System control number | (OCoLC)on1429284800 |
| 040 ## - CATALOGING SOURCE | |
| Original cataloging agency | PABRO |
| Language of cataloging | eng |
| Description conventions | rda |
| Transcribing agency | PABRO |
| 041 ## - LANGUAGE CODE | |
| Language code of text/sound track or separate title | eng |
| 050 #4 - LIBRARY OF CONGRESS CALL NUMBER | |
| Classification number | PS3613.A78326 |
| Item number | B66 2024 |
| 082 04 - DEWEY DECIMAL CLASSIFICATION NUMBER | |
| Classification number | 813/.6 |
| Edition number | 23 |
| 092 ## - LOCALLY ASSIGNED DEWEY CALL NUMBER (OCLC) | |
| Classification number | F |
| 999 ## - SYSTEM CONTROL NUMBERS (KOHA) | |
| Koha Dewey Subclass [OBSOLETE] | F |
| 100 1# - MAIN ENTRY--PERSONAL NAME | |
| Personal name | Martin, Madeline, |
| Relator term | author. |
| 9 (RLIN) | 6413380 |
| 245 14 - TITLE STATEMENT | |
| Title | The booklover's library : |
| Remainder of title | a novel / |
| Statement of responsibility, etc | Madeline Martin. |
| 264 #1 - Production, Publication, Distribution, Manufacture, and Copyright Notice. | |
| Place of production, publication, distribution, manufacture | Toronto, Ontario, Canada : |
| Name of producer, publisher, distributor, manufacturer | Hanover Square Press, |
| Date of production, publication, distribution, manufacture, or copyr | [2024] |
| 300 ## - PHYSICAL DESCRIPTION | |
| Extent | 400 pages ; |
| Dimensions | 24 cm |
| 336 ## - Content Type | |
| Content type term | text |
| 337 ## - Media type | |
| Media type term | unmediated |
| 338 ## - Carrier type | |
| Carrier type term | volume |
| 520 ## - SUMMARY, ETC. | |
| Summary, etc | A heartwarming story about a mother and daughter in wartime England and the power of the books that bring them together. |
| 650 #0 - SUBJECT ADDED ENTRY--TOPICAL TERM | |
| Topical term or geographic name as entry element | Widows |
| Form subdivision | Fiction. |
| 650 #0 - SUBJECT ADDED ENTRY--TOPICAL TERM | |
| Topical term or geographic name as entry element | Books and reading |
| Form subdivision | Fiction. |
| 9 (RLIN) | 5684815 |
| 650 #7 - SUBJECT ADDED ENTRY--TOPICAL TERM | |
| Topical term or geographic name as entry element | FICTION / Historical / 20th Century / World War II & Holocaust. |
| Source of heading or term | bisacsh |
| 9 (RLIN) | 6481000 |
| 650 #7 - SUBJECT ADDED ENTRY--TOPICAL TERM | |
| Topical term or geographic name as entry element | FICTION / Women. |
| Source of heading or term | bisacsh |
| 9 (RLIN) | 5739043 |
| 650 #7 - SUBJECT ADDED ENTRY--TOPICAL TERM | |
| Topical term or geographic name as entry element | FICTION / Literary. |
| Source of heading or term | bisacsh |
| 9 (RLIN) | 5675423 |
| 650 #7 - SUBJECT ADDED ENTRY--TOPICAL TERM | |
| Topical term or geographic name as entry element | FICTION / Friendship. |
| Source of heading or term | bisacsh |
| 9 (RLIN) | 5809387 |
| 655 #7 - INDEX TERM--GENRE/FORM | |
| Genre/form data or focus term | Historical fiction. |
| Source of term | lcgft |
| 655 #7 - INDEX TERM--GENRE/FORM | |
| Genre/form data or focus term | Historical fiction. |
| Source of term | gsafd |
| 910 ## - USER-OPTION DATA (OCLC) | |
| User-option data | BRO |
| 942 ## - ADDED ENTRY ELEMENTS (KOHA) | |
| Source of classification or shelving scheme | Dewey Decimal Classification |
| Koha item type | BOOK |
| Withdrawn status | Lost status | Source of classification or shelving scheme | Damaged status | Not for loan | Collection code | Home library | Current library | Shelving location | Date acquired | Source of acquisition | Total Checkouts | Total Renewals | Full call number | Barcode | Date last seen | Date checked out | Cost, replacement price | Price effective from | Koha item type |
|---|---|---|---|---|---|---|---|---|---|---|---|---|---|---|---|---|---|---|---|
| Dewey Decimal Classification | Fiction | Wasatch County Library | Wasatch County Library | First Floor | 12/18/2024 | Micromarketing | 7 | 4 | F Martin | 34301002141051 | 07/23/2025 | 07/10/2025 | 30.00 | 12/18/2024 | BOOK |
